000 00588nam a2200217Ia 4500
003 OSt
005 20220928145716.0
006 a|||||r|||| 00| 0
007 ta
008 220927b |||||||| |||| 00| 0 eng d
024 _a82325
037 _cTextual
040 _aSDCL
_cSDCL
_beng
041 _2eng
_aeng
082 _aXjN02, L2
100 _aBhagwati Jagdish Ed.
_9372377
245 0 _aDevelopment and planning.
700 _a Eckaus Richard S Ed.
_9514325
942 _hXjN02, L2
_cTEXL
_2CC
999 _c835047
_d835047